Sports Quiz

Random Sports or Auto Racing Quiz

Formula One Circuit Locations Quiz Stats

 Plays Quiz Retired Jul 7, 2021

     
Support Sporcle.
Go Orange.
Score 0/21 Timer 05:00
3 Plays Today
Round City/Location % Correct
6Monte Carlo, Monaco
78.3%
1Melbourne, Australia
77.5%
10Silverstone, United Kingdom
76%
13Stavelot, Belgium
67.5%
14Monza, Italy
63.4%
5Barcelona, Spain
61.3%
8Baku, Azerbaijan
61%
18Austin, United States
59%
12Hockenheim, Germany
56.1%
15Singapore, Singapore
56.1%
21Abu Dhabi, UAE
55.2%
Round City/Location % Correct
19Mexico City, Mexico
52.7%
3Shanghai, China
51.2%
20São Paulo, Brazil
48.6%
7Montreal, Canada
43.9%
17Suzuka, Japan
43.6%
11Budapest, Hungary
42.9%
16Kuala Lumpur, Malaysia
38.3%
9Spielberg, Austria
36.8%
2Sakhir, Bahrain
36.6%
4Sochi, Russia
35.5%

From the Vault

Sun or Son?

by NYYanks

Here comes the sun (or son).
Remove Ads.
Support Sporcle.
Get the best of Sporcle when you Go Orange. This ad-free experience offers more features, more stats, and more fun while also helping to support Sporcle. Thank you for becoming a member.

Show Comments

Extras

Top Quizzes Today


Score Distribution

Your Account Isn't Verified!

In order to create a playlist on Sporcle, you need to verify the email address you used during registration. Go to your Sporcle Settings to finish the process.

Report this User

Report this user for behavior that violates our Community Guidelines.

Details: